| 000 | 00632nam a2200193Ii 4500 | ||
|---|---|---|---|
| 003 | JO-AjNU | ||
| 008 | 230605s9999||||xx |||||||||||||| ||und|| | ||
| 040 |
_aJO-AjNU _bara _erda _cJO-AjNU |
||
| 041 | _aara | ||
| 050 | 1 | 4 | _aPJ8190.P3 1900 |
| 100 | 3 |
_aياغي،عبد الرحمن, _eauthor _914373 |
|
| 245 | 0 | 0 | _aفي النقد التطبيقي مع روايات فلسطينية |
| 264 | 3 | 1 | _aد.م: د.ن، 1900 |
| 300 | _a206ص | ||
| 336 |
_atext _btxt _2rdacontent |
||
| 337 |
_aunmediated _bn _2rdamedia |
||
| 338 |
_avolume _bnc _2rdacarrier |
||
| 650 | 4 |
_aالأدب العربي - روايات - تحليل ونقد _914374 |
|
| 999 |
_aA3817 _c7385 _d7385 |
||